000 00671nam a2200289Ia 4500
005 20260324130836.0
008 008 260324s9999 xx 000 0 eng d
020 _a9780203932933
037 _aEBOOK
040 _aCRL
040 _beng
040 _cCRL
041 _2eng
041 _aeng
084 _qCRL
100 _aMary Louise Pratt
_91183282
245 0 _aImperial Eyes
245 0 _bTravel Writing and Transculturation
260 _bTaylor and Francis
260 _c2007
365 _a
365 _b180
856 _uhttp://www.taylorfrancis.com/books/9780203932933
942 _cEBOOK
999 _c1779854
_d1779854